000 01237nam0a22002891 4500
001 v19\rc\1794594
005 20260406103834.0
035 _a(NLR Aleph) 005232545
090 _a5620729
_c5620729
100 _a20061204d1905 |||y0rusy50 ca
101 1 _arus
_cfre
102 _aRU
105 _ay z |||a|
200 1 _aНаследство
_eДеревенская драма в 3 д.
_f[Соч.] Мориса Потшэ
_gПер. Э. Маттерна и А. Воротникова
210 _aМосква
_cТеатр. б-ка М.А. Соколовой
_dценз. 1905
215 _a54 с.
_d22
309 _aНаписано от руки. Литогр.
700 1 _8rus
_7ca
_aПоттеше
_bМ.
_f1867-
_gМорис
_3RU\NLR\AUTH\77100365
_983291
702 1 _4730
_8rus
_7ca
_aМатерн
_bЭ. Э.
_f1854-1938
_gЭмилий Эмилиевич
_3RU\NLR\AUTH\7792528
_975455
702 1 _4730
_8rus
_7ca
_aВоротников
_bА. П.
_f1856-1938
_gАнтоний Павлович
_3RU\NLR\AUTH\7743419
_926362
801 0 _aRU
_bNLR
_c20061204
_gpsbo
801 0 _aRU
_bRuMoRGB
_c20061204
_2psbo
801 1 _aRU
_bProSoft-M
_c20061204
_2rusmarc
801 2 _aRU
_bNLR
_c20110608
_2rusmarc
852 _aNLR
_j34.53.5.97
942 _cBOOK
980 _aNB